| 000 | 00827nam a22002175i 4500 | ||
|---|---|---|---|
| 001 | 167677 | ||
| 003 | ES-MaACL | ||
| 005 | 20250929063249.0 | ||
| 008 | 050929m18731900fr a | |||||||| ||fre d | ||
| 040 |
_aCAM _bspa _cCAM |
||
| 100 | 1 |
_aViollet-Le-Duc, Eugène Emmanuel, _d1814-1879 _9133788 |
|
| 245 | 1 | 0 |
_aHistoire d'une maison / _ctexte et dessins par Viollet-le-Duc. |
| 250 | _aNouvelle éd. | ||
| 260 |
_aParis : _bBibliothèque d'Education et de Récréation, _c[s.a.] ( _fTypographie Lahure) |
||
| 300 |
_a260 p., [4] h. de lám. : _bil. ; _c24 cm. |
||
| 596 | _aProbablemente impreso entre 1873 y 1900. | ||
| 599 | _aLas h. de lám. a color. | ||
| 650 | 4 |
_aViviendas- _xDiseño y construcción. _9136999 |
|
| 852 |
_aES-MaACL _jC-3595 _z-- Enc. hol. _z-- Legado M. de la Fuente |
||
| 999 |
_c167677 _d167677 |
||